00364nam a2200121Ia 4500008004100000082001400041100001000055245004400065260003900109365000600148630004400154730004400198100415s9999 xx 000 0 und d b3959a590 aT.Z.R aThe Zoological Records, 1936 - Vol.73 aLONDON.c1937bZoological Society b0 aThe Zoological Records, 1936 - Vol.73 aThe Zoological Records, 1936 - Vol.73